| 000 | 00639nam a22002057a 4500 | ||
|---|---|---|---|
| 999 |
_c14269 _d14269 |
||
| 003 | AR-CdUCM | ||
| 008 | 190422b ||||| |||| 00| 0 spa d | ||
| 040 |
_aMUNICIPALIDAD PROVINCIAL DEL CUSCO _cBIBLIOTECA MUNICIPAL DEL CUSCO |
||
| 041 | _heng. | ||
| 082 |
_aPI / 803.08 / _bP51 |
||
| 110 |
_aDisney Pixar _932825 |
||
| 245 |
_aMonsters University : _bLos oozma Kappa / |
||
| 260 |
_aMéxico : _bSilver Dolphin, _c2013. |
||
| 300 | _bIlustraciones, | ||
| 650 |
_aLiteratura infantil _9588 |
||
| 650 |
_aCuento _94671 |
||
| 700 |
_aSamanta Caballero del Moral (traducción) _932985 |
||
| 942 |
_2ddc _cLIBROS |
||
| 945 |
_arjall _d2019-04-22 |
||